00450nam a2200133 4500001000700000003000900007005001700016007000300033008004100036100003100077245014700108260003900255852002200294122098ES-MaACL20230906191916.0t|070214s1919 xxu r ||||1| eng d1 aPottenger, Francis Marion.10aSymptoms of Visceral Disease b: study of the vegetative nervous system in its relationship to clinical medicine / cFrancis Marion Pottenger. aSt. Louis : bC. V. Mosby, c1919. aES-MaACLjB-11013